ბათუმის შოთა რუსთაველის სახელმწიფო უნივერსიტეტის ბიბლიოთეკა

არსიანიდან მოვდივარ მომიხარია (ბიბ.ჩანაწერი № 42200)

000 -LEADER
fixed length control field 00788nam a2200229Ia 4500
001 - CONTROL NUMBER
control field 8893
003 - CONTROL NUMBER IDENTIFIER
control field GE_BSU
008 - FIXED-LENGTH DATA ELEMENTS--GENERAL INFORMATION
fixed length control field 181216s||||||||xx |||||||||||||| ||und||
040 ## - CATALOGING SOURCE
Transcribing agency GE_BSU
080 ## - UNIVERSAL DECIMAL CLASSIFICATION NUMBER
Universal Decimal Classification number 82-93:821.353.1-32
100 ## - MAIN ENTRY--PERSONAL NAME
Personal name კეცხოველი,ნიკო
245 ## - TITLE STATEMENT
Title არსიანიდან მოვდივარ მომიხარია
245 ## - TITLE STATEMENT
Remainder of title მოთხრობები
245 ## - TITLE STATEMENT
Statement of responsibility, etc. რედ. ნ.ქართველიშვილი
260 ## - PUBLICATION, DISTRIBUTION, ETC.
Place of publication, distribution, etc. თბილისი
260 ## - PUBLICATION, DISTRIBUTION, ETC.
Name of publisher, distributor, etc. ნაკადული
260 ## - PUBLICATION, DISTRIBUTION, ETC.
Date of publication, distribution, etc. 1974
300 ## - PHYSICAL DESCRIPTION
Extent 291გვ.ილ.22სმ.
653 ## - INDEX TERM--UNCONTROLLED
Uncontrolled term არსიანიდან მოვდივარ მომიხარია
653 ## - INDEX TERM--UNCONTROLLED
Uncontrolled term მოთხრობები
942 ## - ADDED ENTRY ELEMENTS (KOHA)
Koha item type წიგნი
ეგზემპლარები
Withdrawn status Lost status Damaged status Not for loan Date acquired Barcode Date last seen Price effective from Koha item type
        2018-12-17 31421 2018-12-17 2018-12-17 წიგნი
        2018-12-17 31422 2018-12-17 2018-12-17 წიგნი